Où est située cette ville? - Asie - Statistiques

Statistiques générales
  • Ce quiz a été pris 69 fois
  • Le résultat moyen est 21 sur 30
Statistiques - réponses
Hint Réponse % Correct
Riyad Arabie Saoudite
97%
Pyongyang Corée du Nord
94%
Bombay Inde
92%
Jakarta Indonésie
92%
Kyoto Japon
92%
Nicosie Chypre
91%
Bagdad Irak
91%
Oulan-Bator Mongolie
88%
Canton Chine
85%
Sanaa Yémen
83%
Vladivostok Russie
82%
Hô-Chi-Minh Ville Vietnam
82%
Karachi Pakistan
80%
Pétra Jordanie
77%
Tbilissi Géorgie
74%
Colombo Sri Lanka
74%
Noursoultan Kazakhstan
72%
Malé Maldives
72%
Alep Syrie
72%
Bichkek Kirghizistan
68%
Angkor Cambodge
63%
Achgabat Turkménistan
62%
Dili Timor oriental
60%
Pusan Corée du Sud
58%
Almaty Kazakhstan
48%
Samarcande Ouzbékistan
45%
Cebu Philippines
37%
Putrajaya Malaisie
35%
Bagan Myanmar
9%
Gyumri Arménie
6%
Aucun quiz correspondant
Distribution des résultats
% des personnes avec chaque résultat
Percentile par nombre de réponses
Votre historique - résultats
Vous n’avez pas pris ce quiz